Human rights for human dignity: a primer on economic, social and cultural rights. -- (Record no. 45981)

MARC details
000 -LEADER
fixed length control field 00675nam a2200181 a 4500
008 - FIXED-LENGTH DATA ELEMENTS--GENERAL INFORMATION
fixed length control field 090323s2005 ||||||||||||||||| || u
020 ## - INTERNATIONAL STANDARD BOOK NUMBER
International Standard Book Number 0862103835
050 ## - LIBRARY OF CONGRESS CALL NUMBER
Classification number JC 571 Amn
100 ## - MAIN ENTRY--PERSONAL NAME
Personal name Amnesty International
245 10 - TITLE STATEMENT
Title Human rights for human dignity: a primer on economic, social and cultural rights. --
260 ## - PUBLICATION, DISTRIBUTION, ETC.
Place of publication, distribution, etc. London:
Name of publisher, distributor, etc. Amnesty International
Date of publication, distribution, etc. 2005
300 ## - PHYSICAL DESCRIPTION
Extent 80p.: ill.
350 ## - PRICE (NR) (BK AM CF MU VM SE) [OBSOLETE]
Price 0.00
650 ## - SUBJECT ADDED ENTRY--TOPICAL TERM
Topical term or geographic name entry element RIGHTS
650 #0 - SUBJECT ADDED ENTRY--TOPICAL TERM
Topical term or geographic name entry element HUMAN RIGHTS
650 ## - SUBJECT ADDED ENTRY--TOPICAL TERM
Topical term or geographic name entry element HUMAN RIGHTS--ECONOMIC ASPECTS
995 ## - RECOMMENDATION 995 [LOCAL, UNIMARC FRANCE]
-- 0.00
-- CBU-MAIN LIBRARY (Kitwe)
-- 1
-- 0.00
-- 1
-- AVAILABLE
-- May 8, 2009
-- Main Library Open Access Collection
Holdings
Withdrawn status Lost status Source of classification or shelving scheme Damaged status Not for loan Home library Current library Shelving location Date acquired Total Checkouts Full call number Barcode Date last seen Price effective from Koha item type
          CBU-MAIN LIBRARY, KITWE. CBU-MAIN LIBRARY, KITWE.   11/30/2022   JC 571 Amn 739869 11/30/2022 11/30/2022 MONOGRAPH